"Every Little Thing She Does Is Magic" Police Lyrics - Statistics

General Stats
  • This quiz has been taken 47 times
  • The average score is 105 of 142
Answer Stats
Lyrics % Correct
do
100%
does
100%
every
100%
I
100%
is
100%
little
100%
magic
100%
she
100%
thing
100%
a
94%
be
94%
me
90%
on
90%
before
87%
my
87%
tragic
87%
turns
87%
but
84%
even
84%
just
84%
life
84%
for
81%
her
81%
that
81%
the
81%
to
81%
day
77%
was
77%
always
74%
as
74%
everything
74%
Though
74%
though
74%
time
74%
we
74%
and
71%
goes
71%
have
71%
I've
71%
lose
71%
of
71%
tell
71%
up
71%
way
71%
if
68%
in
68%
love
68%
near
68%
ask
65%
call
65%
feelings
65%
know
65%
marry
65%
now
65%
thousand
65%
times
65%
come
61%
heart
61%
old
61%
it's
58%
must
58%
phone
58%
she'll
58%
some
58%
tried
58%
alone?
55%
days
55%
fashioned
55%
nerve
55%
reach
55%
ends
52%
first
52%
getting
52%
met
52%
rainy
52%
since
52%
start
52%
wet
52%
done
48%
from
48%
has
48%
umbrella
48%
fears
45%
silent
45%
story
45%
tongue
45%
resolve
42%
tripped
42%
gripped
39%
big
35%
enough
35%
long
32%
No matching quizzes found
Score Distribution
Percent of People with Each Score
Percentile by Number Answered
Your Score History
You have not taken this quiz